000 00475nam a2200157 4500
001 119060
003 ES-MaACL
005 20230906191231.0
007 t|
008 070214s1946 ag r ||||1| spa d
100 1 _aPérez Fontana, Velarde.
_990865
245 1 0 _aHernia crural
_b: anatomía quirúrgica y técnica operatoria /
_cVelarde Pérez Fontana.
260 _aBuenos Aires :
_bEl Ateneo,
_c1946.
300 _a96 p. :
_bil ;
_c23 cm.
852 _aES-MaACL
_j1899-F-4
999 _c119060
_d119060